Psicología infantil / (Record no. 149719)

MARC details
000 -LEADER
campo de control de longitud fija 00637nam a2200205 i 4500
001 - NÚMERO DE CONTROL
campo de control 149719
003 - IDENTIFICADOR DE NÚMERO DE CONTROL
campo de control ES-MaACL
007 - CAMPO FIJO DE DESCRIPCIÓN FÍSICA--INFORMACIÓN GENERAL
campo de control de longitud fija t|
008 - DATOS DE LONGITUD FIJA--INFORMACIÓN GENERAL
campo de control de longitud fija 071024s1974 sp ||||1| spa d
100 1# - ENTRADA PRINCIPAL--NOMBRE DE PERSONA
Nombre de persona Watson, Robert I.
9 (RLIN) 116195
245 10 - MENCIÓN DEL TÍTULO
Título Psicología infantil /
Mención de responsabilidad, etc. Robert I. Watson ; versión de Jesús Jiménez Blanco.
250 ## - MENCION DE EDICION
Mención de edición [1ª ed.].
260 ## - PUBLICACIÓN, DISTRIBUCIÓN, ETC.
Lugar de publicación, distribución, etc. [Madrid] :
Nombre del editor, distribuidor, etc. Aguilar,
Fecha de publicación, distribución, etc. [1974]
300 ## - DESCRIPCIÓN FÍSICA
Extensión XV, 604 p. ;
Dimensiones 24 cm.
490 1# - MENCIÓN DE SERIE
Mención de serie Psicología y educación
700 1# - ENTRADA AGREGADA--NOMBRE PERSONAL
Nombre de persona Jiménez Blanco, Jesús.
9 (RLIN) 66467
830 00 - PUNTO DE ACCESO ADICIONAL DE SERIE-TÍTULO UNIFORME
Título uniforme Psicología y educación
9 (RLIN) 180908
852 ## - LOCALIZACIÓN
Ubicación ES-MaACL
Número de control de estantería E-7508
Sublocalización o colección R.91281
Holdings
Estatus retirado Estado de pérdida Estado de daño No para préstamo Biblioteca de origen Biblioteca actual Ubicación en estantería Fecha de adquisición Fuente de adquisición Total de préstamos Signatura topográfica completa Código de barras Visto por última vez Precio de reemplazo Tipo de ítem Koha
        Biblioteca del Ateneo de Madrid Biblioteca del Ateneo de Madrid Depósito 2 17/01/2008     E-7508 1156235 23/02/2023 23/02/2023 Libro impreso